000 00538nam a2200145Ia 4500
008 100204s9999 xx 000 0 und d
082 _b14674
100 _aअवचट काकासाहेब
245 _aसरस्वतीचा महान उपासक
260 _b"सौभाग्य प्रकाशन , पुणे"
_c1990
300 _a128
630 _aसरस्वतीचा महान उपासक
730 _aसरस्वतीचा महान उपासक
942 _cBOOK
999 _c459105
_d459102